00580 2200217 4500001002100000005001700021008004100038020002200079035002500101040001200126082001400138084001400152245006600166250001100232260003000243300002300273650002100296700001500317850001200332990001800344INLIS00000000001270220150917174107.0  a978-602-8811-10-1 a0010-091500000001215 aYOPDYOG 223a743.8 a743.8 Ill aAN ILLUSTRATED guide to the lost symbolc/ Editor, John Weber aCet. 1 aJogjakartabBentangc2009 a253 hlm.c; 20 cm. aTanda dan Simbol aJOHN Weber aYOPDYOG a50765-PD/A.15